000 00959nam a2200265 i 4500
001 bg
245 0 0 _aNauki o środowisku :
_bćwiczenia praktyczne /
_cAllan Jones [et al.] ; przekł. z ang. Barbara Woronko, Dariusz Woronko.
246 _iTyt. oryg.:
_aPractical skills in environmental science
260 _aWarszawa :
_bWydaw. Naukowe PWN,
_c2002.
300 _aXII, 364, [1] s. :
_bil. ;
_c29 cm.
490 1 _aŚrodowisko
500 _aTyt. oryg.: "Practical skills in environmental science".
504 _aBibliogr. - Indeks.
650 9 _aŚrodowisko człowieka
_xbadanie
655 _aPodręczniki akademickie
830 _aŚrodowisko
020 _a8301137215
040 _cBPK
041 1 _apl
_hen
080 _a504(075.8)
920 _a83-01-13721-5
942 _cKS
008 s pl f |000 0 pol
999 _c42820
_d42820
856 _uhttp://koha.tu.koszalin.pl/cgi-bin/koha/opac-detail.pl?biblionumber=42820
_yKatalog online BPK